000 003010000a22001450004500
003 MACL
040 _aMACL
090 _c8162
_d8161
100 _aHariharananda, Paramahsa
245 _aKriya Yoga
260 _bMotilal Banarsidass
_c2008
350 _a295
650 _aPhilosophy
942 _cBOOK
_k100
999 _c8112
_d8112